[Event "M.Chigorin Memorial 2017 "]
[Site "?????-?????????"]
[Date "2017.10.28"]
[Round "8"]
[Board "92"]
[White "Gorbatenko, Alexander"]
[Black "Eynullayev, Altay"]
[Result "1/2-1/2"]
[WhiteElo "2042"]
[BlackElo "2220"]
[PlyCount "90"]
[EventDate "2017.10.21"]
[EventRounds "9"]
[EventCountry "RUS"]

1. d4 Nf6 2. c4 g6 3. Nc3 d5 4. cxd5 Nxd5 5. e4 Nxc3 6. bxc3 Bg7 7. Nf3 c5 8.
Rb1 O-O 9. Be2 b6 10. Bb2 Bb7 11. d5 Nd7 12. c4 Bxb2 13. Rxb2 Qc7 14. Qd2 Ne5
15. Qc3 Nxf3+ 16. Bxf3 e5 17. O-O Qd6 18. a4 Ba6 19. Be2 Rfe8 20. a5 Bc8 21.
Rfb1 Rb8 22. axb6 axb6 23. Qa3 Re7 24. Bd1 Reb7 25. Ba4 Ra7 26. Qb3 Bd7 27.
Bxd7 Qxd7 28. h3 Rab7 29. Qc3 Qd6 30. Rb5 f6 31. Ra1 Kf7 32. Ra6 Ke7 33. Qc1
Kf7 34. g3 Qc7 35. Qa1 Ke7 36. Kg2 Kf7 37. Ra8 Rxa8 38. Qxa8 Rb8 39. Qa6 Ke7
40. Rb3 Rb7 41. Rd3 Kd6 42. Rf3 Ke7 43. Rd3 Kd6 44. Qb5 Qd7 45. Qa6 Qc7  1/2-1/2

[Event "M.Chigorin Memorial 2017 "]
[Site "?????-?????????"]
[Date "2017.10.28"]
[Round "8"]
[Board "93"]
[White "Zavgorodniaya, Alena"]
[Black "Shpartko, Grigory"]
[Result "1-0"]
[WhiteElo "2039"]
[BlackElo "2216"]
[PlyCount "129"]
[EventDate "2017.10.21"]
[EventRounds "9"]
[EventCountry "RUS"]

1. e4 c6 2. d4 d5 3. Nc3 h6 4. Nf3 dxe4 5. Nxe4 Bf5 6. Nc5 Qc7 7. Bd3 Bxd3 8.
Nxd3 e6 9. Bf4 Bd6 10. Nfe5 Nf6 11. Qf3 Nbd7 12. O-O-O c5 13. Nxd7 Nxd7 14.
Bxd6 Qxd6 15. Nxc5 Nxc5 16. dxc5 Qxc5 17. Qxb7 O-O 18. Qf3 Rab8 19. Rd2 Qa5 20.
Qa3 Qg5 21. g3 e5 22. h4 Qf6 23. Re1 Rb6 24. Qc3 Rc6 25. Qe3 Rfc8 26. Ree2 Rc5
27. b3 Ra5 28. Kb1 Qa6 29. c4 Qb7 30. Qe4 Qb4 31. Rd5 Rac5 32. Rxc5 Rxc5 33.
Qa8+ Kh7 34. Qxa7 f5 35. Qd7 e4 36. Rd2 Ra5 37. h5 Qc3 38. Qd6 Ra8 39. Qf4 Ra5
40. Qd6 Ra8 41. c5 Rc8 42. Qg6+ Kh8 43. Qxf5 Re8 44. Qd7 Rf8 45. c6 e3 46. fxe3
Qxe3 47. c7 Rf1+ 48. Rd1 Qe4+ 49. Kc1 Qe3+ 50. Qd2 Qc5+ 51. Qc2 Rxd1+ 52. Kxd1
Qg1+ 53. Ke2 Qg2+ 54. Kd3 Qxg3+ 55. Ke4 Qg4+ 56. Ke5 Qg5+ 57. Kd6 Qf6+ 58. Kd7
Qf7+ 59. Kc6 Qe8+ 60. Kb6 Qc8 61. Qd3 Qe6+ 62. Kb7 Qf7 63. Qd6 g6 64. Kb8 gxh5
65. Qxh6+  1-0

[Event "M.Chigorin Memorial 2017 "]
[Site "?????-?????????"]
[Date "2017.10.28"]
[Round "8"]
[Board "94"]
[White "Cherednichenko, Dmitrij"]
[Black "Golovkina, Anastasia"]
[Result "1-0"]
[WhiteElo "2209"]
[BlackElo "2035"]
[PlyCount "69"]
[EventDate "2017.10.21"]
[EventRounds "9"]
[EventCountry "RUS"]

1. d4 d5 2. Bf4 Nf6 3. Nf3 c5 4. c3 Nc6 5. e3 Qb6 6. Qc1 Bf5 7. Nbd2 g6 8. h3
Bg7 9. g4 Be6 10. Bg2 O-O 11. O-O Rac8 12. Qb1 Rfd8 13. Ng5 Bd7 14. Nb3 cxd4
15. cxd4 Na5 16. Nc5 e6 17. Re1 Bb5 18. a4 Bc4 19. b4 Nc6 20. b5 Nb8 21. a5
Qxb5 22. Qxb5 Bxb5 23. Nxb7 h6 24. Nf3 Rf8 25. Nd6 Ba6 26. Nxc8 Rxc8 27. Ne5
Nc6 28. Nxc6 Rxc6 29. Be5 Rc3 30. Rec1 Rxc1+ 31. Rxc1 Bc4 32. Bf1 Bxf1 33. Kxf1
Ne4 34. Bxg7 Kxg7 35. Rc7  1-0

[Event "M.Chigorin Memorial 2017 "]
[Site "?????-?????????"]
[Date "2017.10.28"]
[Round "8"]
[Board "95"]
[White "Khadzhiev, Valery"]
[Black "Popovich, Alexey"]
[Result "1-0"]
[WhiteElo "2208"]
[BlackElo "2023"]
[PlyCount "135"]
[EventDate "2017.10.21"]
[EventRounds "9"]
[EventCountry "RUS"]

1. d4 d5 2. Nf3 Nf6 3. e3 c6 4. c4 e6 5. Nc3 Nbd7 6. cxd5 exd5 7. Bd3 Bd6 8.
Qc2 O-O 9. Bd2 Re8 10. h3 Qe7 11. O-O Ne4 12. Rfc1 Ndf6 13. Be1 h6 14. Nh2 Ng5
15. Bf5 Nge4 16. Bxc8 Bxh2+ 17. Kxh2 Raxc8 18. Kg1 Qe6 19. Ne2 Qf5 20. b4 Kh8
21. a4 a6 22. Ra3 Nd6 23. Qxf5 Nxf5 24. Nf4 Nd6 25. Nd3 Nc4 26. Ra2 b6 27. Rb1
Nd7 28. Nf4 g5 29. Ne2 b5 30. axb5 axb5 31. Ra7 Ncb6 32. Rc1 Red8 33. Ng3 Nc4
34. Nf5 Ra8 35. Rca1 Rxa7 36. Rxa7 Kh7 37. g4 Ncb6 38. f3 Ra8 39. Rxa8 Nxa8 40.
Ne7 Nab6 41. Nxc6 Nc4 42. Kf2 Kg7 43. Ke2 Kf6 44. Bc3 Ke6 45. e4 f6 46. Nd8+
Ke7 47. Nb7 Ke6 48. Nc5+ Kd6 49. Nd3 Ke6 50. Nf2 Nd6 51. Kd3 Nb6 52. Nh1 Nd7
53. Ng3 Nf8 54. Nf5 Nxf5 55. gxf5+ Kd6 56. Be1 Nh7 57. Ke3 Kc6 58. Kf2 h5 59.
Kg3 Kd6 60. Bd2 Ke7 61. h4 Kd7 62. hxg5 fxg5 63. e5 Ke7 64. f4 g4 65. Kh4 Nf6
66. exf6+ Kxf6 67. Kxh5 g3 68. Kg4  1-0

[Event "M.Chigorin Memorial 2017 "]
[Site "?????-?????????"]
[Date "2017.10.28"]
[Round "8"]
[Board "96"]
[White "Davydov, Sergey P."]
[Black "Efremov, Vladislav"]
[Result "1-0"]
[WhiteElo "2207"]
[BlackElo "1953"]
[PlyCount "105"]
[EventDate "2017.10.21"]
[EventRounds "9"]
[EventCountry "RUS"]

1. d4 d5 2. c4 e6 3. Nc3 c6 4. e3 Nf6 5. Nf3 Nbd7 6. Be2 dxc4 7. a4 Bb4 8. Bxc4
O-O 9. O-O c5 10. Na2 Ba5 11. dxc5 Bc7 12. b4 a5 13. Ba3 Ne5 14. Nxe5 Bxe5 15.
Qxd8 Rxd8 16. Rad1 Bd7 17. b5 Rdc8 18. Nc1 Be8 19. Be2 b6 20. Bf3 Rab8 21. c6
Bc7 22. Nb3 h6 23. Nd2 Nh7 24. Nc4 Ng5 25. Rd2 f6 26. Bd6 Nf7 27. Bxc7 Rxc7 28.
Rfd1 g6 29. Nd6 Kf8 30. Nxf7 Kxf7 31. Rd8 Rbc8 32. R8d6 Ke7 33. Be2 e5 34. Bc4
f5 35. Re6+ Kf8 36. Rxe5 Bf7 37. Bxf7 Kxf7 38. Red5 Ke7 39. g3 Kf6 40. Rd7 Rxd7
41. Rxd7 Ke5 42. Rb7 Kd6 43. Rxb6 Kc5 44. Rb7 Kd6 45. c7 Rxc7 46. Rxc7 Kxc7 47.
f3 g5 48. e4 fxe4 49. fxe4 h5 50. h4 gxh4 51. gxh4 Kd6 52. Kf2 Kc5 53. Ke3  1-0

[Event "M.Chigorin Memorial 2017 "]
[Site "?????-?????????"]
[Date "2017.10.28"]
[Round "8"]
[Board "97"]
[White "Khokhlova, Daria"]
[Black "Eynullayev, Atilla"]
[Result "0-1"]
[WhiteElo "2207"]
[BlackElo "1919"]
[PlyCount "130"]
[EventDate "2017.10.21"]
[EventRounds "9"]
[EventCountry "RUS"]

1. d4 Nf6 2. c4 e6 3. g3 c5 4. d5 exd5 5. cxd5 d6 6. Nc3 g6 7. Bg2 Bg7 8. Nf3
O-O 9. O-O Nbd7 10. Bf4 Qe7 11. h3 Nh5 12. Bg5 f6 13. Bd2 f5 14. Rb1 Ne5 15.
Qc1 Nf7 16. b4 b6 17. Re1 Nf6 18. Ng5 Ne5 19. bxc5 bxc5 20. Qc2 Kh8 21. Ne6
Bxe6 22. dxe6 Rac8 23. Rb7 Qxe6 24. Rxa7 Nc6 25. Rb7 Nb4 26. Qb1 Rb8 27. Rxb8
Rxb8 28. a4 d5 29. Nb5 Nc6 30. Bf4 Rb7 31. Qc1 c4 32. Bh6 Ne4 33. Bxg7+ Kxg7
34. Qa1+ Qf6 35. Bxe4 fxe4 36. Rd1 Qxa1 37. Rxa1 Kf6 38. f4 exf3 39. exf3 d4
40. Nd6 Rb4 41. Ne4+ Ke5 42. a5 d3 43. a6 Na7 44. Nf2 Kd4 45. Re1 Rb6 46. Re4+
Kc5 47. Re5+ Kb4 48. Rd5 Kc3 49. Ne4+ Kc2 50. Kf2 Rxa6 51. Ke3 Ra3 52. Nd2 c3
53. Ne4 d2 54. Ke2 Ra2 55. Nxc3 Kxc3 56. Rd3+ Kc4 57. Rxd2 Rxd2+ 58. Kxd2 Kd4
59. Ke2 Nc6 60. Kf2 Kd3 61. h4 Nd4 62. g4 Ne6 63. Kg3 Ke3 64. g5 Nf4 65. Kg4
Nh5  0-1

[Event "M.Chigorin Memorial 2017 "]
[Site "?????-?????????"]
[Date "2017.10.28"]
[Round "8"]
[Board "98"]
[White "Azimov, Ilyas"]
[Black "Ponomarev, Denis"]
[Result "1-0"]
[WhiteElo "2195"]
[BlackElo "1811"]
[PlyCount "63"]
[EventDate "2017.10.21"]
[EventRounds "9"]
[EventCountry "RUS"]

1. e4 c5 2. Nf3 e6 3. d4 cxd4 4. Nxd4 Nc6 5. Nc3 Qc7 6. Be3 a6 7. Qf3 Bd6 8.
O-O-O Be5 9. Nxc6 bxc6 10. Bd4 Ne7 11. h4 Rb8 12. Bxe5 Qxe5 13. Qe3 d5 14. f4
Qd6 15. a3 O-O 16. e5 Qc7 17. Na4 Nf5 18. Qf2 f6 19. g4 Ne7 20. Qe3 fxe5 21.
fxe5 Ng6 22. Re1 Rf4 23. Nc5 Qb6 24. b4 Rxg4 25. h5 Ne7 26. Bh3 Nf5 27. Qd2 Rh4
28. Bxf5 Rxh1 29. Bxh7+ Kxh7 30. Qd3+ Kg8 31. Rxh1 a5 32. h6  1-0

[Event "M.Chigorin Memorial 2017 "]
[Site "?????-?????????"]
[Date "2017.10.28"]
[Round "8"]
[Board "99"]
[White "Kundianok, Vladislav"]
[Black "Nandhidhaa, Pv"]
[Result "0-1"]
[WhiteElo "1993"]
[BlackElo "2190"]
[PlyCount "80"]
[EventDate "2017.10.21"]
[EventRounds "9"]
[EventCountry "RUS"]

1. e4 c5 2. Nf3 Nc6 3. d4 cxd4 4. Nxd4 e6 5. Nb5 d6 6. Bf4 e5 7. Be3 Nf6 8. f3
a6 9. N5c3 Be6 10. a4 d5 11. exd5 Nxd5 12. Nxd5 Bxd5 13. Nc3 Bb4 14. Bd2 Be6
15. Ne4 O-O 16. Bd3 Qb6 17. c3 Be7 18. b4 f5 19. Ng5 Bxg5 20. Bxg5 e4 21. Bc2
Rae8 22. fxe4 fxe4 23. Qe2 Ne5 24. O-O-O Bc4 25. Qe3 Qc6 26. Qd4 Nd3+ 27. Bxd3
Bxd3 28. a5 Qa4 29. Kb2 Qc2+ 30. Ka3 Rf2 31. Qd5+ Kh8 32. Qb3 Qxb3+ 33. Kxb3
Bc2+ 34. Kc4 Bxd1 35. Rxd1 Rxg2 36. Bf4 Rf2 37. Bg3 Rf3 38. Kc5 Rd3 39. Re1 Re6
40. c4 Rc6#  0-1

[Event "M.Chigorin Memorial 2017 "]
[Site "?????-?????????"]
[Date "2017.10.28"]
[Round "8"]
[Board "100"]
[White "Gordon, Evgeny"]
[Black "Zhou, Guijue"]
[Result "1/2-1/2"]
[WhiteElo "1990"]
[BlackElo "2179"]
[PlyCount "267"]
[EventDate "2017.10.21"]
[EventRounds "9"]
[EventCountry "RUS"]

1. d4 f5 2. Nf3 Nf6 3. e3 e6 4. Be2 d5 5. O-O Bd6 6. c4 c6 7. b3 Qe7 8. Bb2
Nbd7 9. Nbd2 O-O 10. Ne5 a5 11. a4 Rd8 12. Qc2 Nf8 13. f4 Bd7 14. Rae1 Be8 15.
cxd5 cxd5 16. Rc1 Rdc8 17. Qd3 Rcb8 18. Qb1 b5 19. Nc6 Bxc6 20. Rxc6 bxa4 21.
bxa4 Ng4 22. Rf3 Bb4 23. Qc2 Bxd2 24. Qxd2 Qb4 25. Qxb4 Rxb4 26. Ba3 Rxa4 27.
Bxf8 Kxf8 28. h3 Ra1+ 29. Bf1 Nf6 30. Rxe6 a4 31. Kh2 a3 32. Ba6 Ne4 33. Bb7
Ra5 34. Re5 a2 35. Rxf5+ Nf6 36. Rf2 Rb1 37. Rxa2 Rxa2 38. Bxd5 Ra3 39. e4 Ke7
40. Bc6 Kd6 41. Rc5 Nd7 42. e5+ Ke7 43. Rc2 Rd1 44. d5 Ra7 45. d6+ Kf7 46. Bf3
Rd4 47. Bg4 Kg6 48. Rc7 Rxc7 49. dxc7 Nb6 50. c8=Q Nxc8 51. Bxc8 Rxf4 52. e6
Kf6 53. Kg3 Rc4 54. Bd7 g5 55. Kh2 h5 56. Kg3 Re4 57. Kf3 Re5 58. Kg3 Ke7 59.
Kf3 Rc5 60. g3 Kd6 61. Kg2 Re5 62. Kf3 Kd5 63. Be8 h4 64. gxh4 gxh4 65. Bf7 Kd6
66. Kg4 Re4+ 67. Kg5 Ke7 68. Bg8 Kf8 69. Bf7 Kg7 70. Bh5 Rxe6 71. Kxh4 Kh6 72.
Bg4 Re4 73. Kg3 Kg5 74. Bf3 Rb4 75. Be2 Rb3+ 76. Bf3 Ra3 77. Kf2 Kf4 78. Bg4
Ra2+ 79. Ke1 Ke3 80. Kd1 Rh2 81. Kc1 Kd3 82. Bf5+ Kc3 83. Kd1 Rf2 84. Bg4 Kd3
85. Kc1 Rd2 86. Bf5+ Kc3 87. Bg4 Rd3 88. Kb1 Re3 89. Ka2 Re1 90. Bf5 Re2+ 91.
Ka1 Kb3 92. Bb1 Rh2 93. h4 Rxh4 94. Bf5 Rh6 95. Be4 Rd6 96. Bh7 Rd1+ 97. Bb1
Rd2 98. Bg6 Ra2+ 99. Kb1 Rf2 100. Ka1 Rf6 101. Bd3 Rd6 102. Bf5 Ra6+ 103. Kb1
Rf6 104. Bd3 Rd6 105. Bc2+ Kc3 106. Bh7 Rb6+ 107. Ka1 Rb2 108. Bg6 Kb3 109. Bf5
Re2 110. Bh7 Ra2+ 111. Kb1 Rf2 112. Ka1 Re2 113. Bf5 Re7 114. Bg6 Ra7+ 115. Kb1
Rg7 116. Bc2+ Kc3 117. Bf5 Rb7+ 118. Ka1 Rf7 119. Bg6 Rf2 120. Bh7 Kb3 121.
Bg8+ Ka3 122. Bh7 Rg2 123. Bf5 Ra2+ 124. Kb1 Rf2 125. Bh7 Rh2 126. Bf5 Rh5 127.
Bg6 Rg5 128. Bh7 Kb3 129. Ka1 Rg7 130. Bf5 Re7 131. Bg6 Rg7 132. Bf5 Rg1+ 133.
Bb1 Rxb1+ 134. Kxb1  1/2-1/2

[Event "M.Chigorin Memorial 2017 "]
[Site "?????-?????????"]
[Date "2017.10.28"]
[Round "8"]
[Board "101"]
[White "Semenenko, Sergey"]
[Black "Ismagilov, Igor"]
[Result "1-0"]
[WhiteElo "2175"]
[BlackElo "1720"]
[PlyCount "77"]
[EventDate "2017.10.21"]
[EventRounds "9"]
[EventCountry "RUS"]

1. d4 c5 2. d5 g6 3. c4 Bg7 4. e4 d6 5. Be2 Nf6 6. Nc3 O-O 7. Bg5 Na6 8. Qd2
Nc7 9. Nf3 e6 10. h3 exd5 11. exd5 Re8 12. O-O Bf5 13. g4 Be4 14. Nh2 h6 15.
Bxh6 Bxh6 16. Qxh6 b5 17. Qd2 bxc4 18. Bxc4 Re5 19. f4 Re7 20. Rae1 Qe8 21. Re2
Nd7 22. Rfe1 f5 23. Nf1 Nb6 24. b3 Qf7 25. Ng3 Rae8 26. Ngxe4 fxe4 27. Rxe4
Rxe4 28. Rxe4 Rxe4 29. Nxe4 Qe7 30. Qd3 a5 31. Kg2 a4 32. Nxc5 Qf6 33. Ne6 Nxe6
34. dxe6 Kf8 35. Qxd6+ Kg7 36. Qxb6 Qb2+ 37. Qf2 Qf6 38. Qa7+ Kh8 39. e7  1-0

[Event "M.Chigorin Memorial 2017 "]
[Site "?????-?????????"]
[Date "2017.10.28"]
[Round "8"]
[Board "102"]
[White "Kamalidenova, Meruert"]
[Black "Vunder, Andrey"]
[Result "0-1"]
[WhiteElo "1897"]
[BlackElo "2161"]
[PlyCount "68"]
[EventDate "2017.10.21"]
[EventRounds "9"]
[EventCountry "RUS"]

1. d4 d5 2. c4 e6 3. Nf3 c5 4. cxd5 exd5 5. g3 Nc6 6. Bg2 Nf6 7. O-O Be7 8. Nc3
O-O 9. Bg5 c4 10. b3 cxb3 11. Qxb3 Na5 12. Qc2 Be6 13. Ne5 Rc8 14. Qd3 a6 15.
a4 Nc4 16. Rab1 Nd6 17. Rb3 Nfe4 18. Bxe7 Qxe7 19. Nd1 f6 20. Nf3 Qd7 21. Nb2
Rc7 22. Nd2 Rfc8 23. Rd1 Bf5 24. Nxe4 Nxe4 25. Qf3 Bg4 26. Qd3 Bf5 27. Qf3 Rc2
28. Re1 Rc1 29. Rd1 Rxd1+ 30. Nxd1 Rc1 31. Rd3 Nc3 32. Rd2 Nxd1 33. Qxd5+ Be6
34. Qxd7 Ne3+  0-1

[Event "M.Chigorin Memorial 2017 "]
[Site "?????-?????????"]
[Date "2017.10.28"]
[Round "8"]
[Board "103"]
[White "Vasilyev, Alexey"]
[Black "Scheglov, Dmitry"]
[Result "0-1"]
[WhiteElo "1794"]
[BlackElo "2155"]
[PlyCount "120"]
[EventDate "2017.10.21"]
[EventRounds "9"]
[EventCountry "RUS"]

1. e4 e6 2. d3 d5 3. Nd2 Nf6 4. Ngf3 b6 5. g3 Bb7 6. e5 Nfd7 7. Bg2 c5 8. O-O
Nc6 9. Re1 Qc7 10. Qe2 Be7 11. Nf1 O-O-O 12. Bf4 h6 13. h4 Rdg8 14. h5 Nf8 15.
g4 g6 16. Bg3 gxh5 17. gxh5 Nh7 18. c3 Ng5 19. Nxg5 Bxg5 20. f4 Bd8 21. Kh2 Ne7
22. Ne3 Kb8 23. Bh3 Rh7 24. Bh4 Nc6 25. Bxd8 Qxd8 26. Rg1 Ne7 27. d4 cxd4 28.
cxd4 Rhg7 29. Rxg7 Rxg7 30. Rg1 Rxg1 31. Kxg1 Qc8 32. Qc2 Nc6 33. Qc3 Qd8 34.
Ng2 f5 35. Qd2 Qe8 36. Qd1 Qe7 37. a3 Bc8 38. Kf2 Bd7 39. Kg3 Be8 40. Ne3 Kb7
41. Bg2 Qc7 42. Bf3 Na5 43. Kf2 Qe7 44. Kg3 Qd7 45. Qc2 Qc6 46. Kf2 Qxc2+ 47.
Nxc2 Nc4 48. Ne3 Nxb2 49. Ke2 Bc6 50. Nc2 Nc4 51. Kd3 a5 52. Kc3 Ba4 53. Ne1
Nxa3 54. Nd3 Nb5+ 55. Kd2 Nxd4 56. Bg2 Kc6 57. Nb2 Bb5 58. Nd1 Be2 59. Nb2 Bxh5
60. Ke3 Nb3  0-1

[Event "M.Chigorin Memorial 2017 "]
[Site "?????-?????????"]
[Date "2017.10.28"]
[Round "8"]
[Board "104"]
[White "Zhang, Ziji"]
[Black "Yudkevich, Mikhail"]
[Result "1-0"]
[WhiteElo "2387"]
[BlackElo "2005"]
[PlyCount "57"]
[EventDate "2017.10.21"]
[EventRounds "9"]
[EventCountry "RUS"]

1. d4 f5 2. Nc3 g6 3. h4 d5 4. h5 Bg7 5. Nf3 Be6 6. Bf4 Nc6 7. e3 a6 8. Na4 Bf7
9. Nc5 b6 10. Nxa6 Ra7 11. Bb5 Kf8 12. h6 Bf6 13. Bxc6 Rxa6 14. Ne5 Be8 15. g4
e6 16. gxf5 exf5 17. Qd3 Ra7 18. Bxe8 Qxe8 19. c4 Ne7 20. Qb3 Ra5 21. Rc1 g5
22. Bg3 f4 23. exf4 gxf4 24. Bxf4 Ng6 25. Qf3 Nxf4 26. Qxf4 Qe7 27. Kf1 Ke8 28.
Nc6 Bg5 29. Qg4  1-0

[Event "M.Chigorin Memorial 2017 "]
[Site "?????-?????????"]
[Date "2017.10.28"]
[Round "8"]
[Board "105"]
[White "Sapegin, Yaroslav"]
[Black "Nikitenko, Mihail"]
[Result "0-1"]
[WhiteElo "2007"]
[BlackElo "2376"]
[PlyCount "162"]
[EventDate "2017.10.21"]
[EventRounds "9"]
[EventCountry "RUS"]

1. d4 Nf6 2. c4 g6 3. g3 Bg7 4. Bg2 O-O 5. Nc3 d6 6. Nf3 c6 7. O-O Qa5 8. e4 e5
9. d5 cxd5 10. Nxd5 Nxd5 11. Qxd5 Qa6 12. b3 Be6 13. Qd3 h6 14. Rd1 Nc6 15. Bb2
Rfd8 16. Qf1 Bg4 17. h3 Bxf3 18. Bxf3 Qb6 19. h4 h5 20. Rd5 a6 21. Bc3 Bf8 22.
Qc1 Kh7 23. Qd2 Qc7 24. Rd1 b6 25. Bg2 a5 26. a4 Re8 27. Qe3 Nb8 28. Bb2 Nd7
29. Ba3 Nc5 30. Bxc5 bxc5 31. Bf3 Rab8 32. Qc3 Rb4 33. Re1 f6 34. Bd1 Kg7 35.
Kg2 Kf7 36. Bc2 Ke7 37. Red1 Kd7 38. Qf3 Be7 39. Kf1 Kc6 40. Ke2 Qc8 41. R5d2
Rf8 42. Rg1 Qh3 43. Rh1 Qe6 44. Rg1 Rh8 45. Qd3 Kb6 46. Kd1 Kc7 47. f3 Rf8 48.
Qe3 Rbb8 49. Qc3 Kb6 50. Rh2 f5 51. Kc1 Rf7 52. Qd2 Rh8 53. Qd5 Qf6 54. exf5
gxf5 55. Kb1 Rg7 56. Rhg2 Qf7 57. Qd3 Rf8 58. g4 e4 59. fxe4 fxg4 60. e5 dxe5
61. Qd7 Qe8 62. Qe6+ Qc6 63. Qxe5 Bf6 64. Qxh5 Bd4 65. Rxg4 Bxg1 66. Rxg7 Rf1+
67. Bd1 Qe4+ 68. Ka2 Bd4 69. Rg6+ Ka7 70. Ka3 Rxd1 71. Qxd1 Qxg6 72. Qe2 Qh6
73. Qe7+ Ka6 74. Qe1 Qe3 75. Qh1 Kb6 76. Qb1 Bf6 77. h5 Qd2 78. h6 Qxh6 79. Qd1
Qh2 80. Qc1 Qe2 81. Qb1 Qd2  0-1

[Event "M.Chigorin Memorial 2017 "]
[Site "?????-?????????"]
[Date "2017.10.28"]
[Round "8"]
[Board "106"]
[White "Chashchev, Sergey"]
[Black "Shavykin, Oleg"]
[Result "1-0"]
[WhiteElo "2342"]
[BlackElo "2002"]
[PlyCount "47"]
[EventDate "2017.10.21"]
[EventRounds "9"]
[EventCountry "RUS"]

1. Nf3 g6 2. g3 Bg7 3. c4 c5 4. Bg2 Nc6 5. O-O d6 6. Nc3 e5 7. d3 h6 8. a3 Be6
9. Rb1 Qd7 10. b4 Nge7 11. Na4 cxb4 12. axb4 O-O 13. b5 Nd8 14. Ba3 Bh3 15.
Bxh3 Qxh3 16. Bxd6 Qe6 17. Bb4 b6 18. Qb3 f5 19. Qa3 Rf7 20. Nxb6 Rb8 21. Na4
Rc8 22. Nc5 Qf6 23. Qxa7 Nec6 24. Qa6  1-0

[Event "M.Chigorin Memorial 2017 "]
[Site "?????-?????????"]
[Date "2017.10.28"]
[Round "8"]
[Board "107"]
[White "Shakirova, Renata"]
[Black "Martynyuk, Elizaveta"]
[Result "0-1"]
[WhiteElo "2004"]
[BlackElo "2302"]
[PlyCount "96"]
[EventDate "2017.10.21"]
[EventRounds "9"]
[EventCountry "RUS"]

1. e4 c5 2. Nf3 Nc6 3. d4 cxd4 4. Nxd4 g6 5. Nc3 Bg7 6. Be3 Nf6 7. Bc4 d6 8. f3
O-O 9. Bb3 Nxd4 10. Bxd4 Be6 11. Qe2 a6 12. O-O-O Bxb3 13. cxb3 Qa5 14. Kb1 b5
15. h4 b4 16. Na4 Qb5 17. Qd2 Rac8 18. h5 Nxh5 19. Bxg7 Kxg7 20. g4 Nf6 21.
Qh6+ Kg8 22. Rh2 Rc6 23. f4 Rfc8 24. f5 Qe5 25. Re1 Qg3 26. Rhh1 Qxg4 27. fxg6
fxg6 28. Qe3 Nxe4 29. Nb6 Re8 30. Nd5 Rc5 31. Nxb4 Nf6 32. Nd3 Rh5 33. Rhf1 Rh3
34. Qd2 Ne4 35. Qc2 d5 36. Nf2 Nxf2 37. Qxf2 Qf5+ 38. Qxf5 gxf5 39. Rxf5 d4 40.
Ra5 d3 41. Rxa6 e5 42. Rd6 e4 43. a4 Re5 44. b4 Rh2 45. Kc1 Rg5 46. Kb1 d2 47.
Rd1 e3 48. Re6 e2  0-1

[Event "M.Chigorin Memorial 2017 "]
[Site "?????-?????????"]
[Date "2017.10.28"]
[Round "8"]
[Board "108"]
[White "Marinskii, Yurii"]
[Black "Sergeeva, Natalia"]
[Result "1-0"]
[WhiteElo "2238"]
[BlackElo "1994"]
[PlyCount "153"]
[EventDate "2017.10.21"]
[EventRounds "9"]
[EventCountry "RUS"]

1. e4 c6 2. d4 d5 3. Nc3 dxe4 4. Nxe4 Bf5 5. Ng3 Bg6 6. h4 h6 7. Nf3 Nd7 8. h5
Bh7 9. Bc4 e6 10. Qe2 Ngf6 11. Ne5 Nxe5 12. dxe5 Nd5 13. Bb3 Qb6 14. O-O O-O-O
15. a4 a5 16. Bd2 Bc5 17. Rad1 Nb4 18. Ne4 Bxe4 19. Qxe4 Rd7 20. Qe2 Rhd8 21.
g3 Nd5 22. Bc1 Ne7 23. Rxd7 Rxd7 24. Bc4 Nf5 25. Kg2 Nd4 26. Qd3 Nf5 27. Qe4
Qb4 28. b3 Qc3 29. Bd3 Rd5 30. Bf4 Bd4 31. Re1 Bb6 32. Rc1 Qc5 33. Rf1 Qe7 34.
Bc4 Rd4 35. Qf3 Rd8 36. Bd3 Nd4 37. Qg4 Qf8 38. Be4 Rd7 39. Be3 c5 40. c3 Nc6
41. Bxc6 bxc6 42. b4 Rd5 43. bxa5 Bxa5 44. Qc4 Qd8 45. f4 Qb6 46. Rf2 Rd1 47.
Bxc5 Qb7 48. Kh2 Rc1 49. Bd4 Bc7 50. Be3 Re1 51. Bd2 Ra1 52. Rg2 Qa8 53. Qc5
Qxa4 54. Qf8+ Kb7 55. Be3 Rb1 56. Qxf7 Qd1 57. Bg1 Qf3 58. Qxe6 Qxh5+ 59. Qh3
Qf3 60. c4 g5 61. Qxh6 g4 62. e6 Qe4 63. e7 Qxe7 64. Qg6 Rb4 65. Qxg4 Qh7+ 66.
Qh3 Qg7 67. Rc2 Rb1 68. Ra2 Kb8 69. Kg2 Bxf4 70. Bf2 Bc7 71. Qf5 Rb7 72. Qe6
Qf8 73. Qxc6 Qe7 74. Qd5 Qg7 75. Re2 Qf8 76. Qc6 Bd8 77. Re8  1-0

[Event "M.Chigorin Memorial 2017 "]
[Site "?????-?????????"]
[Date "2017.10.28"]
[Round "8"]
[Board "109"]
[White "Travkina, Anastasia"]
[Black "Chekletsov, Egor"]
[Result "0-1"]
[WhiteElo "2221"]
[BlackElo "1970"]
[PlyCount "72"]
[EventDate "2017.10.21"]
[EventRounds "9"]
[EventCountry "RUS"]

1. e4 e5 2. Nf3 Nf6 3. Nc3 Nc6 4. d4 exd4 5. Nxd4 Bb4 6. Nf5 O-O 7. Bg5 d5 8.
a3 Bxc3+ 9. bxc3 Qe8 10. Ne3 Nxe4 11. Qxd5 Nxc3 12. Qc4 Qe5 13. Bf4 Qf6 14. Bd3
b5 15. Qb3 Na4 16. O-O Qxf4 17. Bxb5 Nd4 18. Qxa4 Bb7 19. Kh1 a6 20. Bd3 Rad8
21. c3 Rd6 22. Nf5 Bxg2+ 23. Kxg2 Qf3+ 24. Kg1 Nxf5 25. Bxf5 Qxf5 26. f3 Qh3
27. Rf2 Rfd8 28. Re1 Re6 29. Rxe6 Qxe6 30. Qc2 Qe1+ 31. Rf1 Qe3+ 32. Kh1 h6 33.
Qb3 Qe2 34. Qb1 Rd2 35. Qb8+ Kh7 36. Qb1+ g6  0-1

[Event "M.Chigorin Memorial 2017 "]
[Site "?????-?????????"]
[Date "2017.10.28"]
[Round "8"]
[Board "110"]
[White "Protopopova, Anastasiya"]
[Black "Slugin, Yaroslav"]
[Result "0-1"]
[WhiteElo "2219"]
[BlackElo "1992"]
[PlyCount "104"]
[EventDate "2017.10.21"]
[EventRounds "9"]
[EventCountry "RUS"]

1. d4 Nf6 2. c4 g6 3. Nc3 Bg7 4. e4 d6 5. h3 O-O 6. Be3 c5 7. Nf3 Qa5 8. Qd2
Nc6 9. Be2 cxd4 10. Nxd4 Nxd4 11. Bxd4 Nxe4 12. Nxe4 Qxd2+ 13. Nxd2 Bxd4 14.
Bf3 Bxb2 15. Rb1 Bc3 16. Bxb7 Bxb7 17. Rxb7 Rab8 18. Rb3 Rxb3 19. axb3 Rb8 20.
Ke2 Bxd2 21. Kxd2 Rxb3 22. Ra1 Rb7 23. Ra2 Kf8 24. Kd3 Ke8 25. Ra5 Kd7 26. Ra2
Kc6 27. Ra6+ Kc5 28. h4 h5 29. g3 e5 30. Ra5+ Kb6 31. Rb5+ Ka6 32. Rd5 Rb6 33.
c5 dxc5 34. Rxc5 Rd6+ 35. Ke4 Kb6 36. Rc8 f6 37. Rg8 a5 38. Rxg6 f5+ 39. Kxf5
Rxg6 40. Kxg6 a4 41. g4 a3 42. g5 a2 43. Kxh5 a1=Q 44. Kh6 e4 45. h5 Qh8+ 46.
Kg6 Kc6 47. h6 Kd6 48. Kf7 Ke5 49. g6 Qxh6 50. g7 Qe6+ 51. Kf8 Kf6 52. g8=N+
Kf5  0-1

[Event "M.Chigorin Memorial 2017 "]
[Site "?????-?????????"]
[Date "2017.10.28"]
[Round "8"]
[Board "111"]
[White "Ansat, Aldiyar"]
[Black "Navrodskiy, Boris"]
[Result "0-1"]
[WhiteElo "1996"]
[BlackElo "2180"]
[PlyCount "80"]
[EventDate "2017.10.21"]
[EventRounds "9"]
[EventCountry "RUS"]

1. e4 c6 2. d4 d5 3. Nd2 dxe4 4. Nxe4 Nd7 5. Ng5 Ngf6 6. Bd3 e6 7. N1f3 Be7 8.
O-O O-O 9. Ne5 h6 10. Ngf3 c5 11. c3 cxd4 12. cxd4 Nb6 13. Bc2 Bd7 14. Qd3 Nbd5
15. Ng4 a6 16. Nxf6+ Nxf6 17. a4 Bc6 18. Re1 Rc8 19. Ne5 Qd5 20. f3 Rfd8 21.
Be3 Bb4 22. Red1 Bd6 23. Bf4 Be8 24. Bg3 Bxe5 25. Bxe5 Qc4 26. Bxf6 Qxd3 27.
Bxd3 gxf6 28. Kf2 Rd6 29. Ke3 Rb6 30. Rd2 a5 31. d5 exd5 32. Bf5 Rd8 33. Be4
Bc6 34. Rad1 Re8 35. Rxd5 Bxd5 36. Rxd5 Re5 37. Rd8+ Kg7 38. Kf4 Rxb2 39. g4
Rb4 40. Rb8 Re7  0-1

[Event "M.Chigorin Memorial 2017 "]
[Site "?????-?????????"]
[Date "2017.10.28"]
[Round "8"]
[Board "112"]
[White "Komov, Roman"]
[Black "Runets, Ivan"]
[Result "1-0"]
[WhiteElo "2168"]
[BlackElo "1945"]
[PlyCount "81"]
[EventDate "2017.10.21"]
[EventRounds "9"]
[EventCountry "RUS"]

1. d4 Nf6 2. Nf3 e6 3. c4 b6 4. g3 Bb7 5. Bg2 Be7 6. O-O O-O 7. Re1 Ne4 8. Nfd2
d5 9. cxd5 exd5 10. Nxe4 dxe4 11. Nc3 f5 12. Bf4 a6 13. Rc1 Bd6 14. Bxd6 Qxd6
15. e3 Nd7 16. Qb3+ Kh8 17. Bf1 c5 18. Red1 Qh6 19. Na4 cxd4 20. Rxd4 Ne5 21.
Be2 b5 22. Nc5 Rac8 23. Qd1 Qc6 24. Nb3 Qe6 25. Rxc8 Qxc8 26. Rd6 Qc7 27. Qd4
Qe7 28. Nc5 Bc8 29. Ne6 Nf3+ 30. Bxf3 Bxe6 31. Be2 Bc8 32. Bd1 Qc7 33. h4 Qe7
34. b4 Be6 35. Rxa6 Rd8 36. Rxe6 Rxd4 37. Rxe7 Rxd1+ 38. Kg2 g6 39. h5 gxh5 40.
Re5 Rd2 41. Rxf5  1-0